000
00229 a2200109 4500
001
51074
040
_c
Anchieta - Pituba
240
1
0
_a
Como ensinar valores
_l
245
1
0
_a
Como ensinar valores
650
4
_a
Educação
942
_c
MX
999
_c
51074
_d
51074